000 00833cam a22002533a 4500
001 17528
003 PGUSA
005 20140828083356.0
008 060116s2006||||xxu|||||s|||||000 | eng d
040 _aPGUSA
_beng
042 _adc
050 4 _aDT
100 1 _aStanley, Henry M.
_q(Henry Morton),
_d1841-1904
245 1 0 _aStanley's tocht ter opsporing van Livingstone :
_bDe Aarde en haar Volken, 1873
_h[electronic resource] /
_cHenry M. Stanley
260 _bProject Gutenberg,
_c2006
506 _aPublic domain in the USA.
516 _aElectronic text
653 _aLivingstone, David, 1813-1873
653 _aAfrica, Central -- Description and travel
653 _aStanley, Henry M. (Henry Morton), 1841-1904
830 0 _aProject Gutenberg
_v17528
856 4 0 _uhttp://www.gutenberg.org/ebooks/17528
942 _cEB
999 _c246783
_d246783